WW2 Guns - Statistics

General Stats
  • This quiz has been taken 3,084 times
  • The average score is 13 of 26
Answer Stats
Hint Answer % Correct
Lightweight carbine used by the United States forces M1 Carbine
88%
The standard issue pistol of the U.S. armed forces Colt M1911
86%
This German pistol was one of the most sought after trophies by opposing forces Luger P09
81%
The German SMG pictured above MP-40
75%
Semi automatic rifle used by the United States. Known for the iconic "ping" sound that the clip makes when ejecting M1 Garand
71%
British family of cheap-to-make submachine guns with left mounted magazines Sten guns
66%
Standard issue bolt action rifle used by the German army Karabiner 98k
63%
Popular name for the American M3A1 submachine gun because of it's similarity to this lubricating tool Grease Gun
61%
This German machine gun, known as "Hitler's Buzzsaw" devastated the allied forces MG 42
59%
The worlds first assault rifle, used by the German army StG-44
58%
From the USSR, one of the most mass produced bolt action rifles in history Moisin Nagant
55%
This model of "Tommy gun" used in WW2 was the only one that accepted the iconic 50 round drum magazines Thompson M1928A1
55%
British light machine gun, easily recognizable by the curved magazine loaded into the top of the gun BREN
52%
Automatic rifles designed by John Browning, used by the United States as a squad automatic weapon BAR
50%
This bolt action rifle was one of the main weapons used by the British forces Lee-Enfield
48%
This Soviet submachine gun was their most mass produced gun of the war with over 6 million made PPSh-41
48%
.50 caliber American machine gun known as the "Ma deuce" Browning M2
42%
The "broom handle" German pistol that inspired Han Solo's blaster Mauser C96
39%
British machine gun with the iconic pan magazine Lewis Machine Gun
38%
Soviet semi automatic battle rifle Tokarev SVT-40
31%
This German automatic rifle with signature telescopic sights was originally used by paratroopers, but became more common near the end of the war Mauser FG 42
29%
The only Japanese submachine gun produced in any significant quantities Type 100
25%
The Soviet Union's standard issue pistol Tokarev TT-33
20%
The standard issue pistol of the Japanese armed forces Nambu Type 14
12%
Early German machine gun with the iconic saddle drum magazine MG 15
10%
This belt fed Russian light machine gun was developed and used in small numbers near the end of the war but wasn't mass distributed until the war was over Degtyaryov RPD
9%
No matching quizzes found
Score Distribution
Percent of People with Each Score
Percentile by Number Answered
Your Score History
You have not taken this quiz